<?xml version="1.0" encoding="UTF-8"?>
<record
    xmlns:xsi="http://www.w3.org/2001/XMLSchema-instance"
    xsi:schemaLocation="http://www.loc.gov/MARC21/slim http://www.loc.gov/standards/marcxml/schema/MARC21slim.xsd"
    xmlns="http://www.loc.gov/MARC21/slim">

  <leader>00692nam a22001337a 4500</leader>
  <datafield tag="040" ind1=" " ind2=" ">
    <subfield code="c">RUA</subfield>
  </datafield>
  <datafield tag="082" ind1=" " ind2=" ">
    <subfield code="a">MS TIT 2021 B1.374 Or.</subfield>
  </datafield>
  <datafield tag="100" ind1=" " ind2=" ">
    <subfield code="a">TITH PUTHEARATH, &#x1791;&#x17B7;&#x178F; &#x1796;&#x17BB;&#x1791;&#x17D2;&#x1792;&#x17B6;&#x179A;&#x17D0;&#x178F;&#x17D2;&#x1793;</subfield>
  </datafield>
  <datafield tag="245" ind1=" " ind2=" ">
    <subfield code="a">Study on baseline data of fisheries resource in sekong river in stung treng province,&#x200B;&#x200B;&#x1780;&#x17B6;&#x179A;&#x179F;&#x17B7;&#x1780;&#x17D2;&#x179F;&#x17B6;&#x17A2;&#x17C6;&#x1796;&#x17B8;&#x1791;&#x17B7;&#x1793;&#x17D2;&#x1793;&#x1793;&#x17D0;&#x1799;&#x1782;&#x17C4;&#x179B;&#x1793;&#x17C3;&#x1792;&#x1793;&#x1792;&#x17B6;&#x1793;&#x1787;&#x179B;&#x1795;&#x179B;&#x1793;&#x17C5;&#x1791;&#x1793;&#x17D2;&#x179B;&#x17C1;&#x179F;&#x17C1;&#x1780;&#x17BB;&#x1784; &#x1780;&#x17D2;&#x1793;&#x17BB;&#x1784;&#x1781;&#x17C1;&#x178F;&#x17D2;&#x178F;&#x179F;&#x17D2;&#x1791;&#x17B9;&#x1784;&#x178F;&#x17D2;&#x179A;&#x17C2;&#x1784;</subfield>
  </datafield>
  <datafield tag="260" ind1=" " ind2=" ">
    <subfield code="a">PHNOM PENH </subfield>
    <subfield code="b">RUA</subfield>
    <subfield code="c">2021</subfield>
  </datafield>
  <datafield tag="300" ind1=" " ind2=" ">
    <subfield code="a">xi;</subfield>
    <subfield code="b">ill;</subfield>
    <subfield code="c">29cm;</subfield>
  </datafield>
  <datafield tag="856" ind1=" " ind2=" ">
    <subfield code="u">https://drive.google.com/file/d/1-DAJd68R8PwqrOYDpN4lwuEn-V7v_2_p/view?usp=sharing</subfield>
  </datafield>
  <datafield tag="942" ind1=" " ind2=" ">
    <subfield code="c">NRM</subfield>
  </datafield>
  <datafield tag="999" ind1=" " ind2=" ">
    <subfield code="c">23643</subfield>
    <subfield code="d">23643</subfield>
  </datafield>
  <datafield tag="952" ind1=" " ind2=" ">
    <subfield code="0">0</subfield>
    <subfield code="1">0</subfield>
    <subfield code="4">0</subfield>
    <subfield code="6">MS_TIT_2021_000000000000000_B1_374_OR_1</subfield>
    <subfield code="7">0</subfield>
    <subfield code="9">101341</subfield>
    <subfield code="a">LBB</subfield>
    <subfield code="b">LBB</subfield>
    <subfield code="c">B1.374</subfield>
    <subfield code="d">2024-09-10</subfield>
    <subfield code="o">MS TIT 2021 B1.374 Or.1</subfield>
    <subfield code="p">A082271</subfield>
    <subfield code="r">2024-09-10</subfield>
    <subfield code="y">NRM</subfield>
  </datafield>
  <datafield tag="952" ind1=" " ind2=" ">
    <subfield code="0">0</subfield>
    <subfield code="1">0</subfield>
    <subfield code="4">0</subfield>
    <subfield code="6">MS_TIT_2021_000000000000000_B1_374_OR_2</subfield>
    <subfield code="7">0</subfield>
    <subfield code="9">101342</subfield>
    <subfield code="a">LBB</subfield>
    <subfield code="b">LBB</subfield>
    <subfield code="c">B1.374</subfield>
    <subfield code="d">2024-09-10</subfield>
    <subfield code="o">MS TIT 2021 B1.374 Or.2</subfield>
    <subfield code="p">A082247</subfield>
    <subfield code="r">2024-09-10</subfield>
    <subfield code="y">NRM</subfield>
  </datafield>
  <datafield tag="952" ind1=" " ind2=" ">
    <subfield code="0">0</subfield>
    <subfield code="1">0</subfield>
    <subfield code="4">0</subfield>
    <subfield code="6">MS_TIT_2021_000000000000000_B1_374_OR_3</subfield>
    <subfield code="7">0</subfield>
    <subfield code="9">101343</subfield>
    <subfield code="a">LBB</subfield>
    <subfield code="b">LBB</subfield>
    <subfield code="c">B1.374</subfield>
    <subfield code="d">2024-09-10</subfield>
    <subfield code="o">MS TIT 2021 B1.374 Or.3</subfield>
    <subfield code="p">A082255</subfield>
    <subfield code="r">2024-09-10</subfield>
    <subfield code="y">NRM</subfield>
  </datafield>
  <datafield tag="952" ind1=" " ind2=" ">
    <subfield code="0">0</subfield>
    <subfield code="1">0</subfield>
    <subfield code="4">0</subfield>
    <subfield code="6">MS_TIT_2021_000000000000000_B1_374_OR_4</subfield>
    <subfield code="7">0</subfield>
    <subfield code="9">101344</subfield>
    <subfield code="a">LBB</subfield>
    <subfield code="b">LBB</subfield>
    <subfield code="c">B1.374</subfield>
    <subfield code="d">2024-09-10</subfield>
    <subfield code="o">MS TIT 2021 B1.374 Or.4</subfield>
    <subfield code="p">A082170</subfield>
    <subfield code="r">2024-09-10</subfield>
    <subfield code="y">NRM</subfield>
  </datafield>
</record>
